[Event "Zonal 2.5 2017"]
[Site "Villa Martelli ARG"]
[Date "2017.05.02"]
[Round "3.27"]
[White "Villarreal,H"]
[Black "Anelli,A"]
[Result "0-1"]
[WhiteElo "2092"]
[BlackElo "2101"]

1.Nf3 d6 2.b3 e5 3.d3 f5 4.g3 g6 5.Bg2 Bg7 6.Bb2 Nc6 7.c4 Nf6 8.Nc3 O-O 9.e3
h6 10.d4 e4 11.Nd2 d5 12.a3 Be6 13.O-O Ne7 14.cxd5 Nexd5 15.Rc1 g5 16.Qc2 c6
17.Rce1 Nxc3 18.Bxc3 g4 19.Nc4 Nh7 20.h4 gxh3 21.Bxh3 Ng5 22.Bg2 Bd5 23.Nd2
Nf3+ 24.Nxf3 exf3 25.Bh3 Be4 26.Qd2 Qd5 27.b4 h5 28.Kh2 Rf6 29.Ra1 Kh7 30.Qa2
Qd6 31.d5 Rg6 32.Bxg7 Rxg7 33.Rh1 Rag8 34.dxc6 Rxg3 {#R} 0-1

[Event "Zonal 2.5 2017"]
[Site "Villa Martelli ARG"]
[Date "2017.05.02"]
[Round "3.28"]
[White "Balzano,I"]
[Black "Pierucci,F"]
[Result "1-0"]
[WhiteElo "2150"]
[BlackElo "1998"]

1.e4 c5 2.Nf3 e6 3.Nc3 d6 4.d4 cxd4 5.Nxd4 Nf6 6.Bg5 a6 7.f4 Qb6 8.a3 Nbd7
9.Bh4 Be7 10.Bf2 Qc7 11.Bd3 b5 12.Qe2 Bb7 13.O-O-O Rc8 14.g4 Nb6 15.g5 Nfd7
16.f5 Bxg5+ 17.Kb1 Nc5 18.fxe6 O-O 19.Rhg1 Bf6 20.e7 Rfe8 21.Nf5 Kh8 22.Qh5 g6
23.Qh6 Nxd3 24.Rxd3 Bxe4 25.Rh3 {#r} 1-0

[Event "Zonal 2.5 2017"]
[Site "Villa Martelli ARG"]
[Date "2017.05.02"]
[Round "3.30"]
[White "Postolski,Javier"]
[Black "Del Blanco,Eduardo"]
[Result "1-0"]
[WhiteElo "2020"]
[BlackElo "2093"]

1.e4 d5 2.Nc3 d4 3.Nce2 g6 4.Nf3 Bg7 5.Ng3 c5 6.Bc4 Nc6 7.O-O h5 8.h3 e5 9.d3
Nh6 10.Ng5 h4 11.Ne2 Bf6 12.Qd2 Qe7 13.a3 Nd8 14.f4 Ne6 15.Nf3 exf4 16.Nxf4
Nxf4 17.Qxf4 Be6 18.Ne5 Bxc4 19.Nxc4 Bg7 20.Nd6+ Kd7 21.Nc4 b5 22.Na5 Be5
23.Qg5 f6 24.Qxh4 Nf7 25.Qg4+ Kc7 26.Bf4 Kb6 27.b4 Raf8 28.Nb3 c4 29.Nc5 Kc6
{#r} 1-0

[Event "Zonal 2.5 2017"]
[Site "Villa Martelli ARG"]
[Date "2017.05.02"]
[Round "3.31"]
[White "Curia,Santiago Jose"]
[Black "Montero Martinez,C"]
[Result "0-1"]
[WhiteElo "1765"]
[BlackElo "2050"]

1.e4 c5 2.Nf3 Nc6 3.d4 cxd4 4.Nxd4 Qb6 5.Nb3 Nf6 6.Nc3 e6 7.Be3 Qc7 8.Bd3 a6
9.O-O b5 10.a3 d6 11.f4 Be7 12.Qe2 Bb7 13.Nd4 Nxd4 14.Bxd4 e5 15.fxe5 dxe5
16.Be3 O-O 17.Bg5 h6 18.Bd2 Rad8 19.Rf3 Nh7 20.Rg3 Bg5 21.Bxg5 Nxg5 22.h4 Ne6
23.Qg4 g6 24.Rf1 Nf4 25.Kh2 Bc8 26.Qf3 Qe7 27.Rh1 h5 28.Nd5 Nxd5 29.exd5 Qxh4+
30.Kg1 Qd4+ 31.Kf1 Bg4 32.Qe3 Rxd5 33.Qxd4 Rxd4 34.Re3 Re8 35.Kf2 Kg7 36.Rhe1
f6 37.c3 Rf4+ 38.Kg3 Rd8 39.b4 h4+ 40.Kh2 Rf2 41.Bf1 Rdd2 42.Kg1 Be6 43.Re4
Bc4 44.Bxc4 Rxg2+ 45.Kh1 Rh2+ 46.Kg1 Rdg2+ 47.Kf1 {#R} 0-1

[Event "Zonal 2.5 2017"]
[Site "Villa Martelli ARG"]
[Date "2017.05.02"]
[Round "3.36"]
[White "Bulcourf,C"]
[Black "Opychaneyj,G"]
[Result "0-1"]
[WhiteElo "2053"]
[BlackElo "1818"]

1.Nf3 Nf6 2.d4 d5 3.Bf4 e6 4.e3 Bd6 5.Nc3 O-O 6.Bg3 c5 7.Nb5 Bxg3 8.hxg3 c4
9.Nc3 Qa5 10.Nd2 Nc6 11.f4 Qb6 12.Rb1 Ne7 13.g4 g6 14.g5 Nh5 15.g4 Nxf4
16.exf4 Qxd4 17.Ne2 Qc5 18.Nf3 Nc6 19.Ne5 Nxe5 20.fxe5 Qe3 21.Qd4 Qxg5 22.Qf4
Qxf4 23.Nxf4 f6 24.exf6 Rxf6 25.Nh3 e5 26.Be2 Bd7 27.Ng5 Rf4 28.Rxh7 Bxg4
29.Rxb7 Raf8 30.Rd1 Bxe2 31.Kxe2 Rf2+ 32.Ke3 d4+ {#R} 0-1

[Event "Zonal 2.5 2017"]
[Site "Villa Martelli ARG"]
[Date "2017.05.02"]
[Round "3.37"]
[White "Heinechen,Jo"]
[Black "Salvatti,D"]
[Result "0-1"]
[WhiteElo "1932"]
[BlackElo "2004"]

1.e4 Nf6 2.Nc3 d5 3.exd5 Nxd5 4.Nf3 Bg4 5.Bc4 e6 6.h3 Bh5 7.g4 Bg6 8.h4 Nxc3
9.bxc3 h5 10.Ne5 Be4 11.Qe2 Bd5 12.g5 Nc6 13.g6 Nxe5 14.Qxe5 f6 15.Qe2 Bxh1
16.Bxe6 Be7 17.f3 Qd6 18.Kf1 Qe5 19.Bf7+ Kf8 20.Qf2 Qf5 21.Ke2 Rd8 22.d3 Qe5+
23.Be3 Qxc3 24.Rxh1 Qxc2+ 25.Kf1 Qxd3+ 26.Kg2 b6 27.Re1 Bd6 28.a4 Be5 29.Qa2
Qd7 30.Re2 c5 31.a5 Qb7 32.Qb3 Rd7 33.axb6 axb6 34.Kf2 Rxf7 35.gxf7 Qxf7
36.Qxb6 Kg8 37.Qxc5 Kh7 38.f4 Bb8 39.Bd4 Re8 40.Rxe8 Qxe8 41.Qf5+ Qg6 {#R} 0-1

[Event "ch-BLR Junior 2017"]
[Site "Minsk BLR"]
[Date "2017.05.02"]
[Round "6.2"]
[White "Ivannikau,Maksim"]
[Black "Filipets,Egor"]
[Result "0-1"]
[WhiteElo "2076"]
[BlackElo "2328"]

1.e4 e6 2.d3 d5 3.Nd2 Nf6 4.Ngf3 c5 5.g3 g6 6.Bg2 Bg7 7.O-O O-O 8.Qe2 Nc6 9.c3
a5 10.Ne1 a4 11.Nc2 b5 12.f4 b4 13.e5 Nd7 14.c4 Nb6 15.Qf2 Qe7 16.Nf3 dxc4
17.Be3 Ra5 18.d4 Nd5 19.dxc5 f6 20.Nfd4 Nxd4 21.Nxd4 Nxe3 22.Nc6 Qxc5 23.Nxa5
fxe5 24.Nxc4 exf4 25.Nxe3 fxe3 26.Qe2 Rf2 27.Rxf2 exf2+ 28.Kf1 Bxb2 29.Rd1 Bd4
30.Bh3 Kf7 31.Qd3 e5 32.Qf3+ Kg7 33.Bxc8 Qxc8 34.Qe4 Qh3+ 35.Ke2 Qf5 36.Qxf5
gxf5 37.Rb1 b3 {#R} 0-1

[Event "ch-BLR Junior 2017"]
[Site "Minsk BLR"]
[Date "2017.05.02"]
[Round "6.4"]
[White "Kotau,Arseni"]
[Black "Zarubitski,Viachaslau"]
[Result "0-1"]
[WhiteElo "2055"]
[BlackElo "2325"]

1.c4 e6 2.Nc3 d5 3.cxd5 exd5 4.d4 Be7 5.Nf3 c6 6.Qc2 Nd7 7.Bf4 Ngf6 8.h3 O-O
9.e3 Re8 10.Bd3 Nf8 11.O-O Ng6 12.Bh2 Bd6 13.Bxd6 Qxd6 14.Rab1 Qe7 15.b4 Ne4
16.b5 Bd7 17.bxc6 Bxc6 18.Qb3 Rad8 19.Rbc1 Kh8 20.Bb5 Rd6 21.Bxc6 bxc6 22.Qa3
Qd7 23.Qa5 h6 24.Nxe4 Rxe4 25.Nd2 Re8 26.Qc3 Nh4 27.Kh2 Qc7 28.g3 Rde6 29.Qd3
g6 30.Qc3 Kg8 31.e4 dxe4 32.d5 Rd6 33.gxh4 Rxd5+ 34.Kg2 Rd3 35.Qc2 Qd7 {#R}
0-1

[Event "ch-BLR u20 Women 2017"]
[Site "Minsk BLR"]
[Date "2017.05.02"]
[Round "6.1"]
[White "Mitskevich,Yauheniya"]
[Black "Prakapuk,Vera"]
[Result "1-0"]
[WhiteElo "1949"]
[BlackElo "2078"]

1.e4 c6 2.d4 d5 3.Nc3 dxe4 4.Nxe4 Bf5 5.Ng3 Bg6 6.Nf3 e6 7.h4 h6 8.h5 Bh7
9.Bd3 Bxd3 10.Qxd3 Nf6 11.Bf4 Qa5+ 12.Bd2 Bb4 13.c3 Bd6 14.Ne4 Nxe4 15.Qxe4
Nd7 16.Qc2 Nf6 17.a3 O-O-O 18.O-O-O Rhe8 19.Rh4 Qf5 20.c4 Ng4 21.Be1 Be7
22.Rh3 Bf6 23.Qe2 e5 24.d5 e4 25.Nd4 Bxd4 26.Rxd4 Nf6 27.Ba5 Rd7 28.Rb3 c5
29.Rd1 Qxh5 30.Qc2 Rd6 31.Rb5 Nd7 32.Qa4 b6 33.Bd2 Kb7 34.Bf4 Rf6 35.Ra5 bxa5
36.Qxd7+ {#r} 1-0

[Event "ch-BLR u20 Women 2017"]
[Site "Minsk BLR"]
[Date "2017.05.02"]
[Round "6.3"]
[White "Badelka,Olga"]
[Black "Malatsilava,Volha"]
[Result "1-0"]
[WhiteElo "2362"]
[BlackElo "1995"]

1.d4 Nf6 2.c4 d6 3.Nf3 Nbd7 4.Nc3 e5 5.Bg5 Be7 6.e3 O-O 7.Qc2 c6 8.Be2 Qc7
9.O-O Re8 10.Rfd1 Bf8 11.Rac1 g6 12.dxe5 dxe5 13.Nd2 Bg7 14.Nde4 Nxe4 15.Nxe4
h6 16.Bh4 b6 17.b4 a5 18.Nd6 Re6 19.c5 bxc5 20.bxc5 Nf6 21.Bxf6 Rxf6 22.Ne8
Qe7 23.Nxf6+ Bxf6 24.Bf3 Bf5 25.Be4 Bg4 26.Rd6 Rb8 27.Bxg6 Rb4 28.a3 Rb5
29.Bd3 Rb8 30.Bf5 Bxf5 31.Qxf5 Bg7 32.Rxc6 Rb3 33.Rc8+ Bf8 34.g3 Rxa3 35.c6
{#r} 1-0

[Event "ch-BLR u20 Women 2017"]
[Site "Minsk BLR"]
[Date "2017.05.02"]
[Round "6.4"]
[White "Fiadosenka,Rahneda"]
[Black "Zeliantsova,Kseniya"]
[Result "1-0"]
[WhiteElo "2045"]
[BlackElo "1905"]

1.d4 g6 2.Nc3 Bg7 3.e4 d6 4.f3 Nf6 5.Be3 Nbd7 6.Qd2 O-O 7.Bh6 c5 8.Bxg7 Kxg7
9.d5 a6 10.h4 b5 11.h5 Kg8 12.hxg6 fxg6 13.Nh3 b4 14.Ne2 Nb6 15.Nef4 Bxh3
16.Rxh3 Qd7 17.Ne6 Rf7 18.Be2 a5 19.g4 c4 20.Qd4 Qa7 21.a3 bxa3 22.Rxa3 Rc8
23.f4 Nfd7 24.Rh6 a4 25.Rah3 Qa5+ 26.c3 Nf6 27.g5 Qb5 28.gxf6 exf6 29.Qg1 Qxb2
30.Qxg6+ {#r} 1-0

[Event "ch-CAT 2017"]
[Site "Vilanova i la Geltru ESP"]
[Date "2017.05.02"]
[Round "2.4"]
[White "Munoz Pantoja,M"]
[Black "Asis Gargatagli,H"]
[Result "0-1"]
[WhiteElo "2500"]
[BlackElo "2505"]
[EventType "k.o."]

1.e4 e5 2.d4 exd4 3.Qxd4 Nc6 4.Qe3 g6 5.Nc3 Bg7 6.b3 Nb4 7.Qd2 Nf6 8.f3 d5
9.Bb2 Qe7 10.a3 dxe4 11.O-O-O e3 12.Qe1 a5 13.Kb1 O-O 14.axb4 axb4 15.Na2 Bf5
16.Bd3 Nd5 17.Bxg7 Kxg7 18.Nxb4 Qe5 19.c3 Nxb4 {#R} 0-1

[Event "ch-CAT 2017"]
[Site "Vilanova i la Geltru ESP"]
[Date "2017.05.02"]
[Round "2.3"]
[White "Alsina Leal,D"]
[Black "Diaz Camallonga,C"]
[Result "0-1"]
[WhiteElo "2533"]
[BlackElo "2432"]
[EventType "k.o."]

1.e4 e6 2.d4 d5 3.Nd2 c5 4.Ngf3 cxd4 5.Nxd4 Nc6 6.Bb5 Bd7 7.Nxc6 Bxc6 8.Bxc6+
bxc6 9.O-O Bd6 10.c4 Ne7 11.Qe2 O-O 12.Nf3 Qb8 13.Rb1 a5 14.Bg5 Re8 15.Bxe7
Rxe7 16.exd5 exd5 17.Qd3 dxc4 18.Qxc4 Re6 19.b3 Qc7 20.Rfe1 Rae8 21.Rxe6 Rxe6
22.g3 h6 23.Rc1 Ba3 24.Rc2 Qd6 25.Rd2 Qc5 26.Qxc5 Bxc5 27.Kf1 g5 28.Rc2 Bb6
29.Nd2 Kf8 30.Nc4 Bc7 31.h3 f5 32.g4 fxg4 33.hxg4 Kf7 34.Re2 Rxe2 35.Kxe2 Ke6
36.Kd3 Kd5 37.Ne3+ Ke5 38.Nf5 h5 39.Nd4 h4 40.Nf3+ Kf4 41.Nh2 Bb6 42.Ke2 h3
43.Kf1 Ke4 44.Ke2 Bc7 45.Nf3 h2 {#R} 0-1

[Event "ch-CAT 2017"]
[Site "Vilanova i la Geltru ESP"]
[Date "2017.05.02"]
[Round "2.3"]
[White "Alonso Rosell,A"]
[Black "Jerez Perez,A"]
[Result "0-1"]
[WhiteElo "2537"]
[BlackElo "2408"]
[EventType "k.o."]

1.d4 Nf6 2.Nf3 e6 3.g3 b6 4.Bg2 Bb7 5.O-O Be7 6.c4 O-O 7.Nc3 Ne4 8.Bd2 f5
9.Ne5 Nxc3 10.Bxc3 Bxg2 11.Kxg2 d6 12.Nd3 Bf6 13.Re1 Qd7 14.e4 fxe4 15.Rxe4 d5
16.Re1 dxc4 17.Nf4 Nc6 18.Nxe6 Qd5+ 19.Kg1 Rf7 20.Nf4 Qd7 21.d5 Bxc3 22.bxc3
Ne7 23.Qd4 b5 24.a4 Nf5 25.Qc5 Nh4 26.Re6 Nf3+ 27.Kg2 Ng5 28.h4 Rxf4 29.hxg5
Rf5 30.axb5 Qxe6 {#R} 0-1

[Event "ch-CAT 2017"]
[Site "Vilanova i la Geltru ESP"]
[Date "2017.05.02"]
[Round "2.4"]
[White "Jerez Perez,A"]
[Black "Alonso Rosell,A"]
[Result "0-1"]
[WhiteElo "2408"]
[BlackElo "2537"]
[EventType "k.o."]

1.e4 e5 2.Nf3 d6 3.Bc4 Be7 4.d3 Nf6 5.O-O O-O 6.c3 c6 7.h3 Nbd7 8.Nbd2 Nc5
9.b4 Ne6 10.Re1 b5 11.Bb3 a5 12.Nf1 Nh5 13.Ng3 Nxg3 14.fxg3 Bf6 15.Kh2 d5
16.bxa5 dxe4 17.dxe4 Qxa5 18.Bb2 Nc5 19.Qd6 Nb7 20.Qd2 Rd8 21.Qe3 Be6 22.Red1
Qc7 23.Rxd8+ Qxd8 24.Rd1 Qc7 25.Qe2 Na5 26.Bxe6 fxe6 27.Bc1 Nc4 28.Bg5 Bxg5
29.Nxg5 h6 30.Nf3 Qa7 31.Nh4 Qxa2 32.Rd8+ Kh7 33.Qxa2 Rxa2 34.Re8 Nd2 35.Kg1
Ra1+ 36.Kf2 Nxe4+ 37.Ke3 Re1+ 38.Kf3 Ng5+ 39.Kf2 Rc1 40.Nf3 Rc2+ 41.Kg1 Nxf3+
42.gxf3 Rxc3 43.Kf2 b4 44.Rxe6 b3 {#R} 0-1

[Event "ch-CAT 2017"]
[Site "Vilanova i la Geltru ESP"]
[Date "2017.05.02"]
[Round "2.5"]
[White "Alonso Rosell,A"]
[Black "Jerez Perez,A"]
[Result "1-0"]
[WhiteElo "2537"]
[BlackElo "2408"]
[EventType "k.o."]

1.d4 Nf6 2.Nf3 g6 3.Bf4 Bg7 4.e3 O-O 5.Be2 d6 6.h3 c5 7.c3 Nc6 8.O-O Qb6 9.Qb3
Na5 10.Qxb6 axb6 11.Na3 Bd7 12.Rfe1 Bc6 13.Nd2 Bd7 14.e4 cxd4 15.cxd4 Nc6
16.Be3 d5 17.e5 Ne8 18.Ndb1 Nc7 19.Nc3 Rfc8 20.Rec1 f6 21.f4 fxe5 22.fxe5 Bf5
23.g4 Be4 24.Nab5 Nxb5 25.Bxb5 Nb4 26.Bd7 Rc7 27.Be6+ Kh8 28.Nxe4 Rxc1+
29.Rxc1 dxe4 30.Rc7 Bf8 31.Rxb7 Rxa2 32.Bxa2 {#r} 1-0

[Event "ch-CAT 2017"]
[Site "Vilanova i la Geltru ESP"]
[Date "2017.05.02"]
[Round "2.6"]
[White "Jerez Perez,A"]
[Black "Alonso Rosell,A"]
[Result "0-1"]
[WhiteElo "2408"]
[BlackElo "2537"]
[EventType "k.o."]

1.Nf3 Nf6 2.g3 c5 3.Bg2 g6 4.O-O Bg7 5.d4 cxd4 6.Nxd4 Nc6 7.Nb3 O-O 8.Nc3 d6
9.e4 Bg4 10.Qd2 Qc8 11.Nd5 Bh3 12.Re1 Bxg2 13.Kxg2 Re8 14.c3 Ne5 15.Qe2 Nxd5
16.exd5 Qc4 17.Qxc4 Nxc4 18.Nd2 Nb6 19.c4 Rac8 20.Re4 f5 21.Re2 Nxc4 22.Nxc4
Rxc4 23.Bg5 Kf7 24.Rae1 Bf6 25.Bf4 Rec8 26.b3 Rd4 27.Be3 Rxd5 28.Bxa7 Ra8
29.Be3 Rda5 30.a4 b5 31.Bb6 bxa4 32.Bxa5 Rxa5 33.bxa4 Rxa4 34.f4 h5 35.h3 h4
36.Rb1 Ra3 37.gxh4 Bxh4 38.Rf1 Rg3+ 39.Kh2 Rb3 40.Rg2 Bf6 41.Rfg1 g5 {#R} 0-1

[Event "World Senior Teams +50"]
[Site "Hersonissos GRE"]
[Date "2017.05.02"]
[Round "9.1"]
[White "Jakel,W"]
[Black "Ivanov,Sergey1"]
[Result "0-1"]
[WhiteElo "2218"]
[BlackElo "2530"]

1.e4 e6 2.d4 d5 3.Nd2 c5 4.exd5 Qxd5 5.Ngf3 cxd4 6.Bc4 Qd6 7.O-O Nf6 8.Nb3 Nc6
9.Nbxd4 Nxd4 10.Qxd4 Bd7 11.Bf4 Qxd4 12.Nxd4 Rc8 13.Bd3 Bc5 14.Nb3 Be7 15.c4
O-O 16.Be3 b6 17.f3 Rfd8 18.Be2 Ba4 19.Rfd1 Nd7 20.Kf2 Kf8 21.Rd2 Bb4 22.Rd3
Ne5 23.Rxd8+ Rxd8 24.Rc1 Bxb3 25.axb3 Bd2 26.Ra1 Nc6 27.f4 Bxe3+ 28.Kxe3 a5
29.Rc1 Nb4 30.Rc3 Ke7 31.Rc1 Na6 32.Bd3 Nc5 33.Bc2 f5 34.Ke2 Kf6 35.Rf1 g6
36.Ke3 e5 37.fxe5+ Kxe5 38.g3 Rd4 39.Rf2 Ne6 40.Re2 h5 41.Kf3+ Kf6 42.Ke3 h4
43.Rf2 hxg3 44.hxg3 Rg4 45.Kf3 Nd4+ 46.Kg2 f4 47.Bd1 Rxg3+ 48.Kh2 Ke5 {#R} 0-1

[Event "World Senior Teams +50"]
[Site "Hersonissos GRE"]
[Date "2017.05.02"]
[Round "9.1"]
[White "Ionov,S"]
[Black "Hoehn,M"]
[Result "1-0"]
[WhiteElo "2535"]
[BlackElo "2052"]

1.d4 Nf6 2.Bg5 e6 3.Nd2 d5 4.e3 c5 5.c3 cxd4 6.exd4 Bd6 7.Bd3 h6 8.Bh4 Nbd7
9.Ngf3 O-O 10.O-O Qc7 11.Qe2 Re8 12.Bxf6 gxf6 13.g3 e5 14.Bf5 Nf8 15.Nh4 Ne6
16.Qe3 Bf8 17.Rfe1 exd4 18.cxd4 Ng7 19.Qd3 Bxf5 20.Nxf5 Nxf5 21.Rxe8 Rxe8
22.Qxf5 Qc6 23.Qd3 Qe6 24.Rd1 Bg7 25.Nf3 Qb6 26.b3 Re4 27.Nh4 Qe6 28.Qf3 Qh3
29.Nf5 Kh7 30.Ne3 Qe6 31.Kg2 Kg6 32.g4 Bf8 33.h3 Ba3 34.Kf1 Qa6+ 35.Kg2 Qe6
36.Nf5 Re2 37.Ne3 Rxa2 38.Nxd5 Bd6 39.Rd3 Qe1 40.Qxf6+ {#r} 1-0

[Event "World Senior Teams +50"]
[Site "Hersonissos GRE"]
[Date "2017.05.02"]
[Round "9.1"]
[White "Wolff,Pe"]
[Black "Solozhenkin,E"]
[Result "0-1"]
[WhiteElo "1963"]
[BlackElo "2443"]

1.c4 c5 2.g3 Nc6 3.Bg2 g6 4.Nc3 Bg7 5.Nf3 e5 6.O-O Nge7 7.a3 a5 8.Ne1 O-O
9.Rb1 d6 10.Nc2 Be6 11.Ne3 Rb8 12.Ned5 Bg4 13.Ne3 Be6 14.Ned5 b5 15.Nxe7+ Nxe7
16.cxb5 d5 17.a4 f5 18.Qc2 d4 19.Nd1 c4 20.Ra1 Nd5 21.Bxd5 Qxd5 22.f3 e4 23.f4
g5 24.e3 gxf4 25.exf4 Rf6 26.Nf2 Rg6 27.Qd1 Bf8 28.Nh3 Bc5 29.Qh5 Rb7 30.Re1
Rbg7 31.Kf1 Bf7 32.Qe2 d3 33.Qg2 Rg4 34.b3 cxb3 35.Bb2 R7g6 36.Rac1 h6 37.Rxc5
Qxc5 38.Rc1 Bc4 39.Qf2 e3 40.Qf3 exd2 41.Rd1 Bd5 42.Qxd3 Bc4 {#R} 0-1

[Event "World Senior Teams +50"]
[Site "Hersonissos GRE"]
[Date "2017.05.02"]
[Round "9.2"]
[White "Denk,A"]
[Black "Minasian,Art"]
[Result "0-1"]
[WhiteElo "2268"]
[BlackElo "2480"]

1.d4 g6 2.Nf3 Bg7 3.g3 c5 4.c3 Qb6 5.Bg2 Nf6 6.O-O O-O 7.Qb3 Nc6 8.Nbd2 d5
9.dxc5 Qxc5 10.Ne1 e5 11.a4 Bg4 12.Nd3 Qd6 13.f3 Be6 14.Qa3 Qc7 15.Nc5 Bc8
16.a5 Re8 17.b4 d4 18.Nde4 Nxe4 19.fxe4 dxc3 20.Qxc3 Nd4 21.Rf2 Bg4 22.Bf3 Bd7
23.Qb2 Bb5 24.Be3 Rad8 25.Rc1 Qe7 26.Bg4 h5 27.Bh3 b6 28.axb6 axb6 29.Nd3
Nxe2+ 30.Rxe2 Bxd3 31.Bxb6 Bxe2 32.Bxd8 Qa7+ 33.Kg2 Qe3 34.Re1 Qxe4+ 35.Kf2
Qf3+ 36.Kg1 Qe3+ 37.Kg2 Bf3+ 38.Kf1 Qd3+ 39.Kf2 Rxd8 40.Re3 Qd1 {#R} 0-1

[Event "World Senior Teams +50"]
[Site "Hersonissos GRE"]
[Date "2017.05.02"]
[Round "9.4"]
[White "Lewis,An"]
[Black "Greenfeld,A"]
[Result "0-1"]
[WhiteElo "2245"]
[BlackElo "2550"]

1.c4 c5 2.Nc3 Nc6 3.g3 g6 4.Bg2 Bg7 5.e4 a6 6.a4 e6 7.Nge2 Nge7 8.O-O O-O 9.d3
d6 10.Rb1 Nd4 11.Nxd4 cxd4 12.Ne2 a5 13.h3 Bd7 14.g4 Bc6 15.f4 f5 16.Ng3 Qd7
17.b3 Rf7 18.Qd2 e5 19.Qe2 Raf8 20.exf5 gxf5 21.g5 Ng6 22.Nh5 Bh8 23.Bd2 Re7
24.fxe5 Rxe5 25.Qf2 f4 26.Bxc6 bxc6 27.Qg2 Qd8 28.Kh2 Rxg5 29.Qf3 Ne5 30.Qe2
f3 31.Rg1 fxe2 32.Rxg5+ Qxg5 {#R} 0-1

[Event "World Senior Teams +50"]
[Site "Hersonissos GRE"]
[Date "2017.05.02"]
[Round "9.4"]
[White "Fegan,C"]
[Black "Zilberman,Y"]
[Result "0-1"]
[WhiteElo "2052"]
[BlackElo "2430"]

1.e4 c5 2.a3 e6 3.b4 cxb4 4.axb4 Bxb4 5.Bb2 Nf6 6.e5 Nd5 7.c4 Ne7 8.Nf3 Nbc6
9.Nc3 d6 10.exd6 Bxd6 11.Ne4 O-O 12.Qc2 f5 13.Qc3 e5 14.Nxd6 Qxd6 15.c5 Qf6
16.Bc4+ Be6 17.Nxe5 Nxe5 18.Bxe6+ Qxe6 19.Qxe5 Qxe5+ 20.Bxe5 Nc6 21.Bc3 Rad8
22.O-O-O Rd5 23.d4 Rfd8 24.Rhe1 Kf7 25.g4 Nxd4 {#R} 0-1

[Event "World Senior Teams +50"]
[Site "Hersonissos GRE"]
[Date "2017.05.02"]
[Round "9.5"]
[White "Kantsler,B"]
[Black "Salonen,J"]
[Result "1-0"]
[WhiteElo "2436"]
[BlackElo "2174"]

1.g3 c5 2.Bg2 Nc6 3.e4 g6 4.Ne2 Bg7 5.c3 e5 6.f4 d6 7.O-O Nge7 8.d3 O-O 9.Be3
f5 10.Na3 b6 11.Qd2 Rb8 12.h3 d5 13.exd5 Nxd5 14.fxe5 Nxe3 15.Qxe3 Nxe5 16.d4
cxd4 17.cxd4 Nf7 18.Nb5 Re8 19.Qd2 Ba6 20.a4 Nd6 21.Bc6 Ne4 22.Qd3 Re7 23.Rad1
Bxb5 24.axb5 Nf6 25.Nf4 Rc8 26.d5 Qd6 27.Qa3 Ne4 28.Rfe1 Be5 29.Qxd6 Bxd6
30.Kg2 Kf7 31.Ne2 Bc5 32.Rf1 Kg7 33.Nf4 Bd6 34.Ne6+ Kg8 35.g4 fxg4 36.hxg4 Rf7
37.b4 Rxf1 38.Rxf1 h6 39.Rh1 Kh7 40.g5 h5 41.Rh3 Be7 42.Ra3 Bxg5 43.d6 Nxd6
44.Nxg5+ Kh6 45.Ne6 g5 46.Rxa7 h4 47.Rd7 Nc4 48.Be4 Kh5 49.Rg7 Ne3+ 50.Kf3
{#r} 1-0

[Event "World Senior Teams +50"]
[Site "Hersonissos GRE"]
[Date "2017.05.02"]
[Round "9.5"]
[White "Viljava,T"]
[Black "Gruenfeld,Y"]
[Result "0-1"]
[WhiteElo "2187"]
[BlackElo "2410"]

1.e4 c5 2.Nf3 e6 3.d4 cxd4 4.Nxd4 a6 5.Bd3 Bc5 6.Nb3 Be7 7.O-O d6 8.c4 Nf6
9.Nc3 Nbd7 10.Be3 b6 11.Qe2 Bb7 12.f4 Qc7 13.Nd2 Rc8 14.Rac1 Qb8 15.Bb1 Bd8
16.Bf2 h6 17.Rce1 e5 18.f5 O-O 19.Rc1 Bc6 20.Rfd1 b5 21.cxb5 axb5 22.b4 Bb6
23.Nb3 Bxf2+ 24.Qxf2 Ng4 {#R} 0-1

[Event "World Senior Teams +50"]
[Site "Hersonissos GRE"]
[Date "2017.05.02"]
[Round "9.5"]
[White "Maryasin,B"]
[Black "Kivimaki,Ja"]
[Result "1-0"]
[WhiteElo "2335"]
[BlackElo "2135"]

1.e4 e5 2.Nf3 Nc6 3.Bc4 Bc5 4.O-O d6 5.c3 Qf6 6.d3 a6 7.Be3 Ba7 8.Bxa7 Nxa7
9.d4 Nc6 10.Be2 Nge7 11.Na3 Ng6 12.g3 Bh3 13.Re1 h5 14.Kh1 h4 15.Qd2 Bg4
16.Qe3 O-O-O 17.d5 hxg3 18.fxg3 Nb8 19.Rf1 Bh3 20.Ng5 Bxf1 21.Rxf1 Nf4 22.gxf4
Rh4 23.Bg4+ Nd7 24.h3 Rdh8 25.Kg2 Qh6 26.Qg3 exf4 27.Rxf4 Kb8 28.Nxf7 {#r} 1-0

[Event "World Senior Teams +50"]
[Site "Hersonissos GRE"]
[Date "2017.05.02"]
[Round "9.5"]
[White "Meskanen,V"]
[Black "Polyakov,A"]
[Result "0-1"]
[WhiteElo "2052"]
[BlackElo "2223"]

1.d4 b6 2.e4 Bb7 3.Bd3 Nf6 4.Qe2 e6 5.Nf3 d5 6.e5 Nfd7 7.O-O c5 8.c3 h6 9.Be3
Nc6 10.a3 c4 11.Bc2 b5 12.Ne1 g6 13.f4 Be7 14.g4 Qa5 15.f5 gxf5 16.gxf5 O-O-O
17.Ng2 Rdg8 18.Nd2 Qd8 19.f6 Bf8 20.Qh5 Ncxe5 21.dxe5 d4 22.Be4 dxe3 23.Bxb7+
Kxb7 24.Ne4 Rg6 25.Kh1 Qc7 26.Nf4 Rg5 27.Nxg5 hxg5 28.Qxh8 gxf4 29.Rxf4 Qc6+
30.Kg1 Bc5 31.Qh5 Qd5 32.Qf3 e2+ 33.Kg2 Nxe5 34.Qxd5+ exd5 35.Rf5 Nd3 36.Rg5
Kc6 37.Rg7 d4 38.Rxf7 Nf4+ 39.Kf3 d3 {#R} 0-1

[Event "World Senior Teams +50"]
[Site "Hersonissos GRE"]
[Date "2017.05.02"]
[Round "9.6"]
[White "Jakobsen,Oi"]
[Black "Fatalibekova,E"]
[Result "0-1"]
[WhiteElo "1680"]
[BlackElo "2254"]

1.d4 Nf6 2.c4 e6 3.Nc3 Bb4 4.Bd2 d5 5.e3 O-O 6.Nf3 Nbd7 7.cxd5 exd5 8.Be2 c6
9.O-O Bd6 10.Bd3 Re8 11.Qc2 Qe7 12.h3 Ne4 13.Ne2 Nf8 14.Rae1 Ng6 15.a3 Bd7
16.Bc1 Rac8 17.Nf4 Bb8 18.Qe2 Qf6 19.Nh5 Qd6 20.Nf4 Nxf4 21.exf4 Ng3 22.Qc2
Nxf1 23.Bxh7+ Kf8 24.Ne5 Re7 25.Nxd7+ Qxd7 26.Bf5 Rxe1 27.Qc5+ Qe7 28.Qxe7+
Kxe7 29.Bxc8 Rxc1 {#R} 0-1

[Event "World Senior Teams +65"]
[Site "Hersonissos GRE"]
[Date "2017.05.02"]
[Round "9.3"]
[White "Renman,N"]
[Black "Petschar,K"]
[Result "1-0"]
[WhiteElo "2361"]
[BlackElo "2282"]

1.d4 Nf6 2.Nf3 e6 3.c4 d5 4.Nc3 Be7 5.Bg5 O-O 6.e3 h6 7.Bh4 Ne4 8.Bxe7 Qxe7
9.Qc2 Nxc3 10.Qxc3 dxc4 11.Bxc4 b6 12.O-O Bb7 13.Be2 c5 14.dxc5 Rc8 15.b4 bxc5
16.b5 Nd7 17.Nd2 a6 18.a4 axb5 19.Bxb5 Ba6 20.Nc4 Bxb5 21.axb5 Qf6 22.Qxf6
gxf6 23.b6 Rxa1 24.Rxa1 Rb8 25.Rb1 Kf8 26.f4 Ke7 27.Kf2 f5 28.Kf3 h5 29.Rb5
Rg8 30.b7 Rb8 31.Kg3 Nf6 32.Kh4 Ne4 33.Ne5 Kd6 34.Nxf7+ Kc6 35.Rb2 Rxb7
36.Ne5+ Kc7 37.Rxb7+ Kxb7 38.Kxh5 Kc7 39.Kg6 Nf2 40.h4 Ng4 41.Nxg4 fxg4 42.h5
c4 43.h6 c3 44.h7 c2 45.h8=Q c1=Q 46.Qe5+ Kd7 47.Kf6 Qc6 48.g3 {#r} 1-0